Oxford EAP : (Record no. 20937)
[ view plain ]
| 000 -LEADER | |
|---|---|
| fixed length control field | 00945nam a22002775a 4500 |
| 001 - CONTROL NUMBER | |
| control field | 18151844 |
| 005 - DATE AND TIME OF LATEST TRANSACTION | |
| control field | 20151020115621.0 |
| 006 - FIXED-LENGTH DATA ELEMENTS--ADDITIONAL MATERIAL CHARACTERISTICS--GENERAL INFORMATION | |
| fixed length control field | a||||fq||z f00| 0 |
| 008 - FIXED-LENGTH DATA ELEMENTS--GENERAL INFORMATION | |
| fixed length control field | 140514s2017 enka fr f000 0 eng d |
| 020 ## - INTERNATIONAL STANDARD BOOK NUMBER | |
| International Standard Book Number | 9780194001823 |
| 020 ## - INTERNATIONAL STANDARD BOOK NUMBER | |
| International Standard Book Number | 9780194001816 |
| 020 ## - INTERNATIONAL STANDARD BOOK NUMBER | |
| International Standard Book Number | 9780194001915 (Audio CD) |
| 020 ## - INTERNATIONAL STANDARD BOOK NUMBER | |
| International Standard Book Number | 9780194001854 (Teacher's DVD) |
| 040 ## - CATALOGING SOURCE | |
| Original cataloging agency | EG-ScBUE |
| Language of cataloging | eng |
| Transcribing agency | EG-ScBUE |
| 082 00 - DEWEY DECIMAL CLASSIFICATION NUMBER | |
| Classification number | 428.24 |
| Item number | DEC |
| Edition number | 22 |
| 100 1# - MAIN ENTRY--PERSONAL NAME | |
| Personal name | De Chazal, Edward. |
| 9 (RLIN) | 38523 |
| 245 10 - TITLE STATEMENT | |
| Title | Oxford EAP : |
| Remainder of title | a course in English for academic purposes. |
| Number of part/section of a work | Advanced / C1, |
| Name of part/section of a work | teacher's handbook / |
| Statement of responsibility, etc | Edward De Chazal and Julie Moore. |
| 260 ## - PUBLICATION, DISTRIBUTION, ETC. (IMPRINT) | |
| Place of publication, distribution, etc | Oxford : |
| Name of publisher, distributor, etc | Oxford University Press, |
| Date of publication, distribution, etc | 2017. |
| 300 ## - PHYSICAL DESCRIPTION | |
| Extent | 135 p. : |
| Other physical details | ill. ; |
| Dimensions | 24 cm + |
| Accompanying material | 1 DVD + 1 audio CD-ROM. |
| 650 #0 - SUBJECT ADDED ENTRY--TOPICAL TERM | |
| Topical term or geographic name as entry element | English language |
| General subdivision | Study and teaching (Higher) |
| Source of heading or term | BUEsh |
| 651 ## - SUBJECT ADDED ENTRY--GEOGRAPHIC NAME | |
| Source of heading or term | BUEsh |
| 653 ## - INDEX TERM--UNCONTROLLED | |
| Resource For college | |
| Arrived date list | October2015 |
| 655 ## - INDEX TERM--GENRE/FORM | |
| Form subdivision | Reading book |
| -- | 34232 |
| 700 1# - ADDED ENTRY--PERSONAL NAME | |
| Personal name | Moore, Julie. |
| 942 ## - ADDED ENTRY ELEMENTS (KOHA) | |
| Source of classification or shelving scheme | Dewey Decimal Classification |
| Call number prefix | 428.24 DEC |
| Withdrawn status | Item status | Source of classification or shelving scheme | Damaged status | Not for loan | Vendor | Home library | Current library | Shelving location | Date acquired | Source of acquisition | Total Checkouts | Full call number | Barcode | Date last seen | Koha item type | Public note |
|---|---|---|---|---|---|---|---|---|---|---|---|---|---|---|---|---|
| Dewey Decimal Classification | Baccah | Central Library | Central Library | Second Floor | 20/10/2015 | Purchase | 428.24 DEC | 000039996 | 15/07/2025 | Book - Teacher Resource | ||||||
| Dewey Decimal Classification | Baccah | Central Library | Central Library | Second Floor | 20/10/2015 | Purchase | 428.24 DEC | 000039997 | 24/08/2022 | CD | DVD - With Teacher Resource | Teacher's DVD | |||||
| Dewey Decimal Classification | Baccah | Central Library | Central Library | Second Floor | 20/10/2015 | Purchase | 428.24 DEC | 000039998 | 24/08/2022 | CD | DVD - With Teacher Resource | Audio CD |